| 000 -ლიდერი |
| ფიქსირებული სიგრძის საკონტროლო ველი |
01247nam a2200181 4500 |
| 003 - საკონტროლო ნომრის იდენტიფიკატორი |
| საკონტროლო ველი |
Ge_BSU |
| 005 - ბოლო ოპერაციის თარიღი და დრო |
| საკონტროლო ველი |
20260114184451.0 |
| 008 - ფიქსირებული სიგრძის მონაცემთა ელემენტები - ზოგადი ინფორმაცია |
| ფიქსირებული სიგრძის საკონტროლო ველი |
260114s1971 ge ||||| |||| 00| 0 geo d |
| 041 ## - ენის კოდი |
| Language code of text/sound track or separate title |
geo |
| 080 ## - უნივერსალური ათობითი კლასიფიკაციის ინდექსი |
| Universal Decimal Classification number |
330.123.7 მ-97 |
| 100 ## - მთავარი ჩანაწერი - პიროვნების სახელი |
| Personal name |
მშვილდაძე, გიორგი |
| 9 (RLIN) |
26679 |
| 245 ## - ცნობა სათაურის შესახებ |
| Title |
წარმოების საშუალებათა წარმოების უპირატესი ზრდის ეკონომიური კანონის შესახებ / |
| Statement of responsibility, etc |
გიორგი მშვილდაძე; საქართველოს კპ ცკ-ისა და თბილ. პოლიტიკური განათლ. რესპ. სახლი. |
| 264 ## - წარმოების, გამოცემის, დისტრიბუციის და სხვა ცნობები |
| გამოცემის, წარმოების, დისტრიბუციის... ადგილი |
თბილისი : |
| გამოცემის, წარმოების, დისტრიბუციის... სახელწოდება |
საქართველოს კპ ცკ-ის გამ-ბა, |
| გამოცემის, წარმოების, დისტრიბუციის... თარიღი |
1971. |
| 300 ## - ფიზიკური აღწერა |
| Extent |
100 გვ. ; 20 სმ. |
| 653 ## - INDEX TERM--UNCONTROLLED |
| Uncontrolled term |
წარმოების საშუალებათა ზრდის ეკონომიური კანონი |
| 710 ## - ADDED ENTRY--CORPORATE NAME |
| Corporate name or jurisdiction name as entry element |
საქართველოს კპ ცკ-ისა და თბილ. პოლიტიკური განათლ. რესპ. სახლი. |
| 9 (RLIN) |
26680 |
| 942 ## - ADDED ENTRY ELEMENTS (KOHA) |
| Source of classification or shelving scheme |
|
| Koha item type |
წიგნი |